| 000 | 01029nam a2200313 i 4500 | ||
|---|---|---|---|
| 001 | 000044381 | ||
| 003 | DO-SdBPM | ||
| 005 | 20250306125403.0 | ||
| 007 | ta | ||
| 008 | 140626s2019 dr a 000 j spa d | ||
| 020 | _a9789993489184 | ||
| 040 |
_aDO-SdBNP _bspa _cBPMSU _erda |
||
| 082 | 4 |
_aRD863.44 _bC117d 2019 _222 |
|
| 100 | 1 |
_aCabral, Lucía Amelia, _d1944- _eautora |
|
| 245 | 1 | 0 |
_aDime tú, que digo yo / _cLucía Amelia Cabral ; ilustraciones, Adela Dore |
| 264 |
_aSanto Domingo : _bEDINDOM, _c2019. |
||
| 300 |
_a[127] páginas : _bilustraciones ; _c24 cm. |
||
| 336 |
_atexto _btxt _2rdacontent |
||
| 337 |
_asin mediación _bn _2rdamedia |
||
| 338 |
_avolumen _bnc _2rdacarrier |
||
| 590 | _aInventariado, 2025 /VM | ||
| 650 | 4 | _aCuentos infantiles dominicanos | |
| 650 | 4 | _aLiteratura infantil dominicana | |
| 650 | z | _aDominican children’s stories | |
| 650 | z | _aChildren's stories, dominican | |
| 700 | 1 |
_aDore, Adela, _eilustraciones |
|
| 910 | _aVMateo V. Control de Calidad. BPMSU | ||
| 942 |
_2ddc _cBK |
||
| 999 |
_c14990 _d14990 |
||